<?xml version="1.0" encoding="UTF-8"?>
<record
    xmlns:xsi="http://www.w3.org/2001/XMLSchema-instance"
    xsi:schemaLocation="http://www.loc.gov/MARC21/slim http://www.loc.gov/standards/marcxml/schema/MARC21slim.xsd"
    xmlns="http://www.loc.gov/MARC21/slim">

  <leader>01605nam a2200289 a 4500</leader>
  <controlfield tag="003">DO-SdBNP</controlfield>
  <controlfield tag="005">20240305102114.0</controlfield>
  <controlfield tag="007">ta</controlfield>
  <controlfield tag="008">221123e190?    dr aobcgr|||| 001 edspa d</controlfield>
  <datafield tag="040" ind1=" " ind2=" ">
    <subfield code="a">DO-SdBNP</subfield>
    <subfield code="b">spa</subfield>
    <subfield code="c">BNPHU</subfield>
  </datafield>
  <datafield tag="082" ind1=" " ind2="4">
    <subfield code="2">22</subfield>
    <subfield code="b">L789i</subfield>
  </datafield>
  <datafield tag="100" ind1="1" ind2=" ">
    <subfield code="a">Lizardo, Fradique,</subfield>
    <subfield code="d">1930-1997</subfield>
    <subfield code="9">62027</subfield>
  </datafield>
  <datafield tag="245" ind1="1" ind2="0">
    <subfield code="a">Instrumentos musicales folkl&#xF3;ricos dominicanos:</subfield>
    <subfield code="b">indi&#xF3;fonos y membran&#xF3;fonos. /</subfield>
    <subfield code="c">Fradique Lizardo; Editor, C&#xE9;sar Ojeda</subfield>
  </datafield>
  <datafield tag="260" ind1=" " ind2=" ">
    <subfield code="a">Santo Domingo :</subfield>
    <subfield code="b">UNESCO,</subfield>
    <subfield code="c">[1988]</subfield>
  </datafield>
  <datafield tag="300" ind1=" " ind2=" ">
    <subfield code="a">454 p. :</subfield>
    <subfield code="b">il., fotogr., mapas, retr. ;</subfield>
    <subfield code="c">21 cm.</subfield>
  </datafield>
  <datafield tag="500" ind1=" " ind2=" ">
    <subfield code="a">Incluye datos biogr&#xE1;ficos del autor en la contracubierta.</subfield>
  </datafield>
  <datafield tag="500" ind1=" " ind2=" ">
    <subfield code="a">La Biblioteca posee el volumen 1.</subfield>
  </datafield>
  <datafield tag="504" ind1=" " ind2=" ">
    <subfield code="a">Bibliograf&#xED;a: p. 441 - 454</subfield>
  </datafield>
  <datafield tag="505" ind1=" " ind2=" ">
    <subfield code="a">Reconocimiento.</subfield>
    <subfield code="t">Conceptos generales sobre la organolog&#xED;a y la clasificaci&#xF3;n de los instrumentos.--</subfield>
    <subfield code="t">Las esp&#xE1;tulas v&#xF3;micas sonajeros de la cultura ta&#xED;na. /</subfield>
    <subfield code="r">Manuel Ant. Garc&#xED;a Ar&#xE9;valo.--</subfield>
    <subfield code="t">Los instrumentos ind&#xED;genas idi&#xF3;fonos.-- Menbran&#xF3;fonos.-- Cord&#xF3;fonos.-- Aer&#xF3;fonos.--</subfield>
    <subfield code="t">Cr&#xED;tica a la obra "Instrumentos Musicales Ind&#xED;genas Dominicanos". /</subfield>
    <subfield code="r">Jos&#xE9; E. Garc&#xED;a Aybar.--</subfield>
    <subfield code="t">Plan del contenido del Tomo II de Instrumentos Musicales dominicanos.--</subfield>
    <subfield code="t">Bibliograf&#xED;a.</subfield>
  </datafield>
  <datafield tag="590" ind1=" " ind2=" ">
    <subfield code="a">Inventariado 2022 / MF</subfield>
  </datafield>
  <datafield tag="650" ind1=" " ind2="4">
    <subfield code="9">461</subfield>
    <subfield code="a">Instrumentos Musicales</subfield>
    <subfield code="x">Rep&#xFA;blica Dominicana</subfield>
  </datafield>
  <datafield tag="650" ind1=" " ind2="4">
    <subfield code="9">41932</subfield>
    <subfield code="a">Instrumentos Musicales</subfield>
    <subfield code="x">Historia y Cr&#xED;tica, Ensayos, Conferencias, etc.</subfield>
    <subfield code="z">Rep&#xFA;blica Dominicana</subfield>
  </datafield>
  <datafield tag="650" ind1=" " ind2="4">
    <subfield code="9">18873</subfield>
    <subfield code="a">Folklore</subfield>
    <subfield code="z">Rep&#xFA;blica Dominicana</subfield>
  </datafield>
  <datafield tag="710" ind1=" " ind2="4">
    <subfield code="9">56288</subfield>
    <subfield code="a">Organizaciones de las Naciones Unidas para la Educaci&#xF3;n.</subfield>
  </datafield>
  <datafield tag="910" ind1=" " ind2=" ">
    <subfield code="a">MFeliz</subfield>
  </datafield>
  <datafield tag="942" ind1=" " ind2=" ">
    <subfield code="2">ddc</subfield>
    <subfield code="c">LBS1</subfield>
  </datafield>
  <datafield tag="952" ind1=" " ind2=" ">
    <subfield code="0">0</subfield>
    <subfield code="1">0</subfield>
    <subfield code="2">ddc</subfield>
    <subfield code="5">1</subfield>
    <subfield code="7">0</subfield>
    <subfield code="8">PD</subfield>
    <subfield code="a">BNPHU</subfield>
    <subfield code="b">BNPHU</subfield>
    <subfield code="c">CT</subfield>
    <subfield code="d">2022-11-05</subfield>
    <subfield code="e">Doando por Jos&#xE9; Polanco</subfield>
    <subfield code="l">0</subfield>
    <subfield code="o">L789i</subfield>
    <subfield code="p">2022-5588</subfield>
    <subfield code="r">2022-11-23</subfield>
    <subfield code="w">2022-11-23</subfield>
    <subfield code="y">LBS1</subfield>
  </datafield>
  <datafield tag="952" ind1=" " ind2=" ">
    <subfield code="0">0</subfield>
    <subfield code="1">0</subfield>
    <subfield code="2">ddc</subfield>
    <subfield code="5">1</subfield>
    <subfield code="7">0</subfield>
    <subfield code="8">PD</subfield>
    <subfield code="a">BNPHU</subfield>
    <subfield code="b">BNPHU</subfield>
    <subfield code="c">CT</subfield>
    <subfield code="d">2022-11-05</subfield>
    <subfield code="e">Doando por Jos&#xE9; Polanco</subfield>
    <subfield code="l">0</subfield>
    <subfield code="o">L789i</subfield>
    <subfield code="p">2022-5589</subfield>
    <subfield code="r">2022-11-23</subfield>
    <subfield code="t">e.2</subfield>
    <subfield code="w">2022-11-23</subfield>
    <subfield code="y">LBS1</subfield>
  </datafield>
  <datafield tag="952" ind1=" " ind2=" ">
    <subfield code="0">0</subfield>
    <subfield code="1">0</subfield>
    <subfield code="2">ddc</subfield>
    <subfield code="5">6</subfield>
    <subfield code="7">0</subfield>
    <subfield code="8">DS</subfield>
    <subfield code="a">BNPHU</subfield>
    <subfield code="b">BNPHU</subfield>
    <subfield code="c">CT</subfield>
    <subfield code="d">2022-11-05</subfield>
    <subfield code="e">Doando por Jos&#xE9; Polanco</subfield>
    <subfield code="l">0</subfield>
    <subfield code="o">L789i</subfield>
    <subfield code="p">2022-5590</subfield>
    <subfield code="r">2022-11-23</subfield>
    <subfield code="t">e.3</subfield>
    <subfield code="w">2022-11-23</subfield>
    <subfield code="y">LBS1</subfield>
  </datafield>
  <datafield tag="952" ind1=" " ind2=" ">
    <subfield code="0">0</subfield>
    <subfield code="1">0</subfield>
    <subfield code="2">ddc</subfield>
    <subfield code="5">6</subfield>
    <subfield code="7">0</subfield>
    <subfield code="8">DS</subfield>
    <subfield code="a">BNPHU</subfield>
    <subfield code="b">BNPHU</subfield>
    <subfield code="c">CT</subfield>
    <subfield code="d">2022-11-05</subfield>
    <subfield code="e">Donado por Jos&#xE9; Polanco</subfield>
    <subfield code="o">L789i</subfield>
    <subfield code="p">2022-5592</subfield>
    <subfield code="r">2022-11-23</subfield>
    <subfield code="t">e.5</subfield>
    <subfield code="w">2022-11-23</subfield>
    <subfield code="y">LBS1</subfield>
  </datafield>
  <datafield tag="999" ind1=" " ind2=" ">
    <subfield code="c">52994</subfield>
    <subfield code="d">52994</subfield>
  </datafield>
</record>
